|
|
|
|
| LEADER |
00000nam a22000007a 4500 |
| 005 |
20220812015957.0 |
| 007 |
cr|||| |||| |
| 008 |
220812s2021 br |||||s|||| 00||0 por d |
| 020 |
|
|
|a 978658935162-7
|
| 035 |
|
|
|a 36820
|
| 040 |
|
|
|a vLex
|
| 090 |
|
|
|c 13694
|d 13694
|
| 100 |
1 |
|
|a da Cruz Paulino, Galtin̊io
|
| 245 |
1 |
0 |
|a Manual de acordo de colaboraȯ̂ premiada
|h [Recurso electrn̤ico] /
|c Galtin̊io da Cruz Paulino, Andr ̌Batista e Silva
|
| 256 |
|
|
|a Servicio en ln̕ea
|
| 260 |
|
|
|a Rio de Janeiro:
|b Editora Processo,
|c 2021
|
| 300 |
|
|
|a 1 recurso electrn̤ico
|
| 500 |
|
|
|a O combate ao crime, especialmente o resultante da criminalidade organizada, sempre foi uma das principais preocupaė̳s da comunidade internacional. A lei do siln̊cio, adotada pelas organizaė̳s criminosas, dificulta ainda mais a persecuȯ̂ penal. Nesse cenr̀io, a colaboraȯ̂ premiada, enquanto tčnica especial de investigaȯ̂, assume papel de grande importńcia. Ocorre que muitas dv︢idas ainda persistem sobre a utilizaȯ̂ do referido instituto, afastadas em alguns casos pelo posicionamento dos Tribunais Superiores e consolidada ao longo dos anos durante a atuaȯ̂ dos r̤gôs de investigaȯ̂. Diante desta realidade, objetivamos, por meio desta obra, contribuir com a consolidaȯ̂ prt̀ica da utilizaȯ̂ do instituto da colaboraȯ̂ premiada, por meio de um livro destinado aos problemas do cotidiano no campo da colaboraȯ̂. A pretensô ̌proporcionar ao leitor um manual que ele possa suprir suas dv︢idas prt̀icas relacionadas ao acordo de colaboraȯ̂ premiada, sejam elas de cunho interpretativo, legislativo, jurisprudencial ou mesmo a ideia sobre algumas peȧs prt̀icas utilizadas no cotidiano colaborativo.
|
| 506 |
1 |
|
|a Disponible solo en los productos indicados
|d vLex Global
|d vLex Global (Academic Edition, excluding Law Schools)
|d vLex Global (U.S. Academic Edition, Law Schools)
|d vLex Global (U.S. Academic Edition, excluding Law Schools)
|d vLex Global (Academic Edition, Law Schools)
|
| 650 |
0 |
4 |
|a Derecho Penal
|z Brasil
|
| 700 |
1 |
|
|a Batista e Silva, Andř
|
| 740 |
0 |
|
|a vLex Libros (Servicio en ln̕ea)
|
| 856 |
4 |
0 |
|u https://app.vlex.com/#/sources/36820
|z Acceso restringido
|
| 942 |
|
|
|c BOOK
|
| 999 |
0 |
|
|a Criminal law
|